KOHA-Header-6

عرفان مدینہ (Record no. 13417)

000 -LEADER
fixed length control field 00315nam a22001097a 4500
082 ## - DEWEY DECIMAL CLASSIFICATION NUMBER
Classification number 297.64
100 ## - MAIN ENTRY--AUTHOR NAME
Personal name مولانا سید محمد عون نقوی
245 ## - TITLE STATEMENT
Title عرفان مدینہ
260 ## - PUBLICATION, DISTRIBUTION, ETC. (IMPRINT)
Place of publication Pakistan
Name of publisher ادارہ تبلیغ تعلیمات اسلامی پاکستان
Year of publication 2010
300 ## - PHYSICAL DESCRIPTION
Number of Pages 577
942 ## - ADDED ENTRY ELEMENTS (KOHA)
Koha item type Books
Holdings
Withdrawn status Lost status Collection code Permanent Location Current Location Shelving location Date acquired Full call number Accession Number Koha item type
    Islamic Studies MAJU MAJU Shelf No.A-9 2022-11-21 297.64 10502 Books

Powered by Koha